Developments in sweeteners /

Guardado en:
Otros Autores: Hough, C. A. M., (Editor , ed.), Parker, K. J. (Editor , ed.), Vlitos, A. J., (Editor , ed.)
Formato: Libro
Idioma:English
Publicado: London : Applied Science, c1979-
Series:Developments series
Materias:
Etiquetas: Agregar Etiqueta
Sin Etiquetas, Sea el primero en etiquetar este registro!
LEADER 00842nam a22002295a 4500
001 EIQ.libpla002368
008 070601s1979####enkabo###b####001#0#eng#d
005 20070601191459.0
245 0 0 |a Developments in sweeteners /  |c edited by C.A.M. Hough, K.J. Parker, and A.J. Vlitos. 
260 |a London :  |b Applied Science,  |c c1979- 
300 |a v. :  |b il., fotos, mapa ;  |c 23 cm. 
490 1 |a The developments series 
504 |a Incluye referencias bibliográficas e índice. 
020 |a 0853348200 (v. 1) 
700 1 |a Hough, C. A. M.,  |e ed.  |4 edt 
700 1 |a Parker, K. J.  |q (Kenneth John),  |e ed.  |4 edt 
700 1 |a Vlitos, A. J.,  |e ed.  |4 edt 
830 0 |a Developments series 
650 4 |a Alimento  |x Dulcificantes. 
650 4 |a Food  |x Sweeteners. 
040 |a AR-BbSID  |b spa  |c AR-BbSID 
859 |a AR-BbSID  |b BIB. PLAPIQUI  |h 664.5  |i D 492  |p 1723  |v Vol. 1  |3 Vol. 1